| 000 | 01257cas a2200253 4500 | ||
|---|---|---|---|
| 001 | L153653 | ||
| 008 | 110815s2010 eng u | ||
| 035 | _a(Sirsi) u153653 | ||
| 041 | 0 | _aeng | |
| 050 | _a333.33 $2 18 | ||
| 110 | 2 |
_aJones Lang LaSalle _93755 |
|
| 245 | 0 | 0 |
_aUK office national voice _h[electronic resource] |
| 260 |
_a[S.l.] _bJones Lang LaSalle _cJuly 2010- |
||
| 362 | 0 | _aJuly 2010- | |
| 490 | 0 |
_aJones Lang LaSalle UK Office National Voice _vJuly 2010- |
|
| 520 | _aA quarterly review of office market conditions across the UK providing key office market statistics, an UK office market trend clock and a national market overview with further city focuses on the Birmingham, Bristol, Cardiff, Leeds, Manchester, Western Corridor, Edinburgh and Glasgow office markets. Definitions. | ||
| 554 | _aQuarterly | ||
| 650 | 2 | 4 | _aJONES LANG LASALLE UK OFFICE NATIONAL VOICE |
| 651 | 4 |
_aUnited Kingdom _y |
|
| 690 | _aPROPERTY-COMMERCIAL PROPERTY-COMMERCIAL PROPERTY FINANCE AND INVESTMENT | ||
| 690 | _aPROPERTY-COMMERCIAL PROPERTY-COMMERCIAL PROPERTY MARKET | ||
| 856 | 4 | 0 |
_uhttps://www.joneslanglasalle.co.uk/UnitedKingdom/EN-GB/Pages/ResearchFilter.aspx _zView the report free of charge at www.joneslanglasalle.co.uk |
| 942 | _n0 | ||
| 999 |
_c119349 _d119349 |
||